[Event "ARG-chT8 fin email"]
[Site "LADAC email"]
[Date "2006.01.01"]
[Round "?"]
[White "Alvarez Castillo, Hector Adrian"]
[Black "Rebord, Mariano"]
[Result "0-1"]
[WhiteElo "2186"]
[BlackElo "2106"]
[PlyCount "60"]
[EventDate "2006.01.01"]
[EventType "tourn (corr)"]
[EventRounds "11"]
[EventCountry "ARG"]
[SourceTitle "Corr 2011"]
[Source "ChessBase"]
[SourceDate "2010.08.31"]
[SourceVersion "1"]
[SourceVersionDate "2010.08.31"]
[SourceQuality "1"]

1. e4 e5 2. Nf3 Nc6 3. Bb5 Nf6 4. 0-0 Nxe4 5. d4 Be7 6. Qe2 Nd6 7. Bxc6 bxc6 8. dxe5 Nb7 9. Nc3 0-0 10. Re1 Nc5 11. Be3 Ne6 12. Rad1 d5 13. exd6 cxd6 14. Nd4 Nxd4 15. Bxd4 Re8 16. Qf3 d5 17. Na4 Bf8 18. Qc3 Rxe1+ 19. Rxe1 Bf5 20. Bc5 f6 21. Bxf8 Kxf8 22. Nc5 Kf7 23. a3 Qd6 24. b4 Re8 25. Rxe8 Kxe8 26. Nb3 h5 27. g3 Kf7 28. Nd4 Bd7 29. f3 h4 30. Kf2 g5 0-1

[Event "ARG-chT8 fin email"]
[Site "LADAC email"]
[Date "2006.01.01"]
[Round "?"]
[White "Kunzmann, Hector AT"]
[Black "Rebord, Mariano"]
[Result "0-1"]
[WhiteElo "2380"]
[BlackElo "2106"]
[PlyCount "120"]
[EventDate "2006.01.01"]
[EventType "tourn (corr)"]
[EventRounds "11"]
[EventCountry "ARG"]
[SourceTitle "Corr 2011"]
[Source "ChessBase"]
[SourceDate "2010.08.31"]
[SourceVersion "1"]
[SourceVersionDate "2010.08.31"]
[SourceQuality "1"]

1. e4 e5 2. Nf3 Nc6 3. Bb5 a6 4. Ba4 Nf6 5. 0-0 Bc5 6. c3 0-0 7. d4 Bb6 8. Bg5 h6 9. Bh4 d6 10. Re1 exd4 11. Nxd4 Ne5 12. Na3 Ba7 13. Bc2 Ng6 14. Bg3 Bg4 15. Qd2 Nh5 16. Nc4 Nxg3 17. hxg3 Re8 18. Nf5 Ne5 19. Nce3 Qg5 20. Nd4 Rad8 21. f4 Qh5 22. Ba4 c6 23. Bd1 Bxd1 24. Qxd1 Qg6 25. Qc2 Nd7 26. Nef5 Nf6 27. e5 dxe5 28. Rxe5 Kh7 29. Rae1 Rxe5 30. fxe5 Ng4 31. Kf1 Rd5 32. Nf3 Bf2 33. Re2 Bxg3 34. c4 Rd8 35. Kg1 Bf4 36. c5 Kh8 37. g3 Bxg3 38. Nd6 Qh5 39. Qe4 Nf6 40. Nxf7+ Qxf7 41. exf6 Qxf6 42. Qe7 Rg8 43. Kg2 Bb8 44. Nh4 Kh7 45. b4 Qf4 46. Qe4+ g6 47. Qxf4 Bxf4 48. Nf3 h5 49. Nd4 g5 50. a4 h4 51. Kh3 Kg6 52. Kg4 Rh8 53. Ne6 Bc1 54. Kh3 Re8 55. Nf4+ Kf7 56. Rxe8 Kxe8 57. Nd3 Bd2 58. Kg4 Ke7 59. Kh3 Ke6 60. Kg4 Kd5 0-1

[Event "ARG-chT8 fin email"]
[Site "LADAC email"]
[Date "2006.01.01"]
[Round "?"]
[White "Rebord, Mariano"]
[Black "Domancich, Ezequiel Martin"]
[Result "1/2-1/2"]
[WhiteElo "2106"]
[BlackElo "2517"]
[PlyCount "88"]
[EventDate "2006.01.01"]
[EventType "tourn (corr)"]
[EventRounds "11"]
[EventCountry "ARG"]
[SourceTitle "Corr 2011"]
[Source "ChessBase"]
[SourceDate "2010.08.31"]
[SourceVersion "1"]
[SourceVersionDate "2010.08.31"]
[SourceQuality "1"]

1. e4 e5 2. Nf3 Nc6 3. Bc4 Nf6 4. Ng5 d5 5. exd5 Na5 6. Bb5+ c6 7. dxc6 bxc6 8. Be2 h6 9. Nf3 e4 10. Ne5 Bc5 11. c3 Qc7 12. d4 exd3 13. Nxd3 Bd6 14. Nd2 Bf5 15. b4 Nb7 16. g3 0-0 17. 0-0 Rad8 18. Nc4 Rfe8 19. Be3 Nd5 20. Bd4 c5 21. Nxd6 Rxd6 22. bxc5 Nxc5 23. Rc1 Ne4 24. Bg4 Nexc3 25. Bxf5 Nxd1 26. Rxc7 Nxc7 27. Be5 Rxd3 28. Bxd3 Nxf2 29. Rxf2 Rxe5 30. Rb2 Ne6 31. Rb7 Ra5 32. Bc4 h5 33. Bb3 Kf8 34. h4 Ra6 35. Bc4 Ra4 36. Bb3 Ra3 37. Rb5 g6 38. Rb7 Ra5 39. Kh2 Ke8 40. Kg2 Ra3 41. Bc4 Nd8 42. Rc7 Kf8 43. Rd7 Ne6 44. Rb7 Ra4 1/2-1/2

[Event "ARG-chT8 fin email"]
[Site "LADAC email"]
[Date "2006.01.01"]
[Round "?"]
[White "Rebord, Mariano"]
[Black "Monier, Raul"]
[Result "1/2-1/2"]
[WhiteElo "2106"]
[BlackElo "2117"]
[PlyCount "106"]
[EventDate "2006.01.01"]
[EventType "tourn (corr)"]
[EventRounds "11"]
[EventCountry "ARG"]
[SourceTitle "Corr 2011"]
[Source "ChessBase"]
[SourceDate "2010.08.31"]
[SourceVersion "1"]
[SourceVersionDate "2010.08.31"]
[SourceQuality "1"]

1. e4 e5 2. Nf3 Nc6 3. Bc4 Bc5 4. 0-0 d6 5. b4 Bb6 6. c3 Qf6 7. a4 a5 8. b5 Nd8 9. d4 Bg4 10. dxe5 dxe5 11. Bg5 Qxg5 12. Nxg5 Bxd1 13. Rxd1 Nf6 14. Re1 Nd7 15. Nd2 Ke7 16. Ngf3 f6 17. Bb3 Nc5 18. Bc2 Nf7 19. Nc4 Rhd8 20. Nfd2 Nd6 21. g3 Rd7 22. Nxd6 Rxd6 23. Nc4 Rd7 24. Kf1 Rad8 25. f3 g6 26. Ke2 h5 27. h4 Ne6 28. Rad1 Rxd1 29. Bxd1 Nc5 30. Bc2 Nd7 31. Rd1 Ra8 32. f4 Bc5 33. Bb3 b6 34. Rf1 Rd8 35. f5 g5 36. hxg5 fxg5 37. Rh1 Nf6 38. Bc2 Bd6 39. Nd2 g4 40. Nc4 Rh8 41. Bd3 Re8 42. Bc2 Rh8 43. Bd3 Re8 44. Kd2 Rd8 45. Kc2 Kf7 46. Rh2 Kg7 47. Kd2 Kh6 48. Ke2 Kg5 49. Bc2 Rh8 50. Rh4 Rh7 51. Bb1 Rh8 52. Bc2 Rh7 53. Bd3 Rh8 1/2-1/2